España en África y otros estudios de política colonial / (Record no. 163319)
[ view plain ]
| 000 -LEADER | |
|---|---|
| campo de control de longitud fija | 01233nam a22002775i 4500 |
| 001 - NÚMERO DE CONTROL | |
| campo de control | 163319 |
| 003 - IDENTIFICADOR DE NÚMERO DE CONTROL | |
| campo de control | ES-MaACL |
| 005 - FECHA Y HORA DE LA ÚLTIMA TRANSACCIÓN | |
| campo de control | 20250725093042.0 |
| 008 - DATOS DE LONGITUD FIJA--INFORMACIÓN GENERAL | |
| campo de control de longitud fija | 970220s1891 sp |||| | spa d |
| 100 1# - ENTRADA PRINCIPAL--NOMBRE DE PERSONA | |
| Nombre de persona | Reparaz, Gonzalo de, |
| Fechas asociadas al nombre | 1860-1939 |
| 9 (RLIN) | 131716 |
| 245 10 - MENCIÓN DEL TÍTULO | |
| Título | España en África y otros estudios de política colonial / |
| Mención de responsabilidad, etc. | por Gonzalo Reparaz ; con un prólogo del Excmo. Sr. D. Segismundo Moret. |
| 260 ## - PUBLICACIÓN, DISTRIBUCIÓN, ETC. | |
| Lugar de publicación, distribución, etc. | Madrid : |
| Nombre del editor, distribuidor, etc. | [Sáenz de Jubera Hermanos, |
| Fecha de publicación, distribución, etc. | 1891] ( |
| Fabricante | Imp. de La Justicia) |
| 300 ## - DESCRIPCIÓN FÍSICA | |
| Extensión | XXXII, 218 p. ; |
| Dimensiones | 17 cm. |
| 490 1# - MENCIÓN DE SERIE | |
| Mención de serie | Biblioteca andaluza. 3ª Serie ; |
| Designación de volumen o secuencia | IV ; |
| -- | 24 |
| 530 ## - NOTA DISPONIBLE DE FORMULARIO FÍSICO ADICIONAL | |
| Nota de formato físico adicional disponible | Disponible en formato digital. |
| 597 ## - NOTA DE DESCRIPCIÓN FÍSICA | |
| NOTA DE DESCRIPCIÓN FÍSICA | Antep. |
| 650 #7 - PUNTO DE ACCESO ADICIONAL DE MATERIA--TÉRMINO DE MATERIA | |
| Término de materia o nombre geográfico como elemento de entrada | Colonialismo |
| Fuente del encabezamiento o término | embne |
| 9 (RLIN) | 11149 |
| 651 #7 - PUNTO DE ACCESO ADICIONAL DE MATERIA--NOMBRE GEOGRÁFICO | |
| Nombre geográfico | España- |
| Subdivisión general | Colonias- |
| Subdivisión geográfica | África- |
| Subdivisión cronológica | S.XIX |
| Fuente del encabezamiento o término | |
| 9 (RLIN) | 159564 |
| 700 1# - ENTRADA AGREGADA--NOMBRE PERSONAL | |
| Nombre de persona | Moret, Segismundo, |
| Fechas asociadas al nombre | 1833-1913 |
| 9 (RLIN) | 162747 |
| 830 1# - PUNTO DE ACCESO ADICIONAL DE SERIE-TÍTULO UNIFORME | |
| Título uniforme | Biblioteca andaluza. 3ª Serie ; |
| Designación de volumen o secuencia | IV ; |
| -- | 24 |
| 9 (RLIN) | 222267 |
| 852 ## - LOCALIZACIÓN | |
| Ubicación | ES-MaACL |
| Número de control de estantería | D-2954 |
| 852 ## - LOCALIZACIÓN | |
| Ubicación | ES-MaACL |
| Número de control de estantería | G-8828 |
| Nota libre | - Enc. pasta española |
| 856 ## - LOCALIZACIÓN Y ACCESO ELECTRÓNICOS | |
| Identificador Uniforme de Recursos | <a href="http://bdh-rd.bne.es/viewer.vm?id=0000252372&page=1 ">http://bdh-rd.bne.es/viewer.vm?id=0000252372&page=1 </a> |
| Nota pública | Biblioteca Digital Hispánica |
| 856 ## - LOCALIZACIÓN Y ACCESO ELECTRÓNICOS | |
| Identificador Uniforme de Recursos | <a href="https://bibliotecadigital.aecid.es/bibliodig/es/consulta/registro.do?id=1844">https://bibliotecadigital.aecid.es/bibliodig/es/consulta/registro.do?id=1844</a> |
| Nota pública | Biblioteca Digital AECID |
| Estatus retirado | Estado de pérdida | Estado de daño | No para préstamo | Colección | Biblioteca de origen | Biblioteca actual | Ubicación en estantería | Fecha de adquisición | Fuente de adquisición | Total de préstamos | Signatura topográfica completa | Código de barras | Visto por última vez | Precio de reemplazo | Tipo de ítem Koha |
|---|---|---|---|---|---|---|---|---|---|---|---|---|---|---|---|
| Colección digital | Biblioteca del Ateneo de Madrid | Biblioteca del Ateneo de Madrid | Sala Pecera Planta 3 | 17/01/2008 | G-8828 | 1171142 | 23/02/2023 | 23/02/2023 | Libro impreso antiguo | ||||||
| Colección digital | Biblioteca del Ateneo de Madrid | Biblioteca del Ateneo de Madrid | Sala Valle Inclán | 17/01/2008 | D-2954 | 901171141 | 23/02/2023 | 23/02/2023 | Libro impreso antiguo |
